000 00915nam a2200265 i 4500
001 C2-0258264
003 PPAK
005 20180727224940.0
008 041007s2002 my a|||| ||||| | eng d
020 _a9679935183
040 _aPPAK
_beng
_cPPAK
_erda
082 0 4 _a940.5425
_223
090 0 0 _a940.5425
_bCHY
_dR
100 1 _aChye, Kooi Loong,
_eauthor
245 1 4 _aThe history of the British Battalion in the Malayan campaign 1941 - 1942
264 1 _aKuala Lumpur :
_bDepartment of Museums and Antiquities Malaysia ,
_c2002
300 _axxii, 389 pages :
_billustrations ;
_c26 cm
336 _2rdacontent
_atext
337 _2rdamedia
_aunmediated
338 _2rdacarrier
_avolume
500 _aIncludes index
650 1 0 _aWorld War, 1939-1945 - Campaigns - Malaya ; Malaya - History - Japanese occupation, 1942-1945 ; Malaya - History
700 0 _aMd. Redzuan Tumin,
_eeditor
942 _ddc
_cB
999 _c69874
_d69874